| 000 | 00502nam a2200145Ia 4500 | ||
|---|---|---|---|
| 008 | 100122s9999 xx 000 0 und d | ||
| 082 |
_b16332 _a823 |
||
| 100 | _aपुनर्वसु अनिरुध्द | ||
| 245 | _aमी हरिणी मीच व्याध | ||
| 260 |
_bआराधना प्रकाशन _c1970 |
||
| 300 | _a116 | ||
| 630 | _aमी हरिणी मीच व्याध | ||
| 730 | _aमी हरिणी मीच व्याध | ||
| 942 | _cBOOK | ||
| 999 |
_c406287 _d406284 |
||